Puertos y reportes de sostenibilidad (Registro nro. 17849)

Detalles MARC
000 -LEADER
fixed length control field 00348 a2200109 4500
001 - CONTROL NUMBER
control field ART_46064
005 - DATE AND TIME OF LATEST TRANSACTION
control field 20260410161731.0
008 - FIXED-LENGTH DATA ELEMENTS--GENERAL INFORMATION
fixed length control field 260409a
100 1# - MAIN ENTRY--PERSONAL NAME
Personal name Sarro, Lucía Andrea
245 10 - TITLE STATEMENT
Title Puertos y reportes de sostenibilidad
773 0# - HOST ITEM ENTRY
Title Escritos contables y de administración
Related parts - Vol. 5, Nº 2 (jul./dic. 2014)
Record control number REV2758

No hay ítems disponibles.